| 000 | 01526nam a22003377i 4500 | ||
|---|---|---|---|
| 003 | EG-ScBUE | ||
| 005 | 20250707090848.0 | ||
| 008 | 131217s2012 ii a f d 001 0 eng d | ||
| 020 | _a9788122432213 | ||
| 040 |
_aEG-ScBUE _beng _erda _cEG-ScBUE _dEG-ScBUE |
||
| 082 | 0 | 4 |
_222 _a541 _bDAS |
| 100 | 1 |
_934676 _aDas, Ishwar, _eauthor. |
|
| 245 | 1 | 3 |
_aAn introduction physical chemistry : _ba textbook for B. Sc. third year and reference book for postgraduate students / _cIshwar Das, professor Department of Chemistry, D.D.U. Gorakhpur University, Gorakhpur, (U.P.), Archana Sharma, senior scientist, TKDL Unit, CSIR head quarter, Anusandhan Bhavan, Rafi Marg, New Delhi, Namita Rani Agrawal, senior lecturer, Department of Chemistry, St. Andrew's P.G. College, Gorakhpur, (U.P.). |
| 250 | _aThird revised edition. | ||
| 264 | 1 |
_aNew Delhi : _bNew Age International (P.) Limited, Publishers, _c2012. |
|
| 300 |
_axv, 355 pages : _billustrations ; _c24 cm. |
||
| 336 |
_2rdacontent _atext _btxt |
||
| 337 |
_aunmediated _2rdamedia _bn |
||
| 338 |
_avolume _bnc _2rdacarrier |
||
| 490 | 0 | _aNew age | |
| 500 | _aInclude glossary. | ||
| 500 | _aIncludes Appendices. | ||
| 500 | _aIncludes index. | ||
| 521 | _aFor B. Sc. third year and postgraduate students. | ||
| 650 | 7 |
_934674 _aChemistry, Physical and theoretical. _vTextbooks. _2BUEsh |
|
| 653 | _cDecember2013 | ||
| 655 |
_vReading book _934232 |
||
| 700 | 1 |
_aSharma, Archana, _934677 _eauthor. |
|
| 700 | 1 |
_934675 _aAgrawal, Namita Rani, _eauthor. |
|
| 942 |
_2ddc _cBB |
||
| 999 |
_c17863 _d17835 |
||